[Event "CUB-ch 1/2 final"]
[Site "Villa Clara"]
[Date "1995.11.18"]
[Round "3"]
[White "Vilela, JL"]
[Black "Cabrera, A"]
[Result "1-0"]
[WhiteElo "2425"]
[BlackElo "2275"]

1. d4 Nf6 2. c4 g6 3. Nc3 Bg7 4. e4 d6 5. h3 O-O 6. Be3 e5 7. d5 a5 8. Bd3
Na6 9. Nge2 Nd7 10. O-O f5 11. exf5 gxf5 12. f4 Qe7 13. Qd2 Nac5 14. Bc2
exf4 15. Bxf4 Ne5 16. b3 Bd7 17. Bg5 Bf6 18. Bh6 Bg7 19. Rf2 a4 20. Raf1
axb3 21. axb3 Bxh6 22. Qxh6 Ncd3 23. Bxd3 Nxd3 24. Rf3 Ne5 25. Rg3+ Kh8 26.
Nd4 Qf6 27. Qxf6+ Rxf6 28. Nce2 c5 29. dxc6 bxc6 30. Nf4 Ra2 31. Rf2 Ra1+
32. Rf1 Ra2 33. Re3 Kg8 34. Rd1 Ra5 35. Ree1 c5 36. Nde2 Bc6 37. Ra1 Rxa1
38. Rxa1 Rf8 39. Kf2 Rb8 40. Ra3 Kf7 41. Ra7+ Kf6 42. Nc1 h6 43. Ra2 Rb6
44. Rd2 Be4 45. Nd5+ Bxd5 46. Rxd5 Ke6 47. Rd2 Nc6 48. Ra2 Nd4 49. g4 f4
50. Ne2 Nc6 51. Rb2 Kf6 52. Nc3 Ra6 53. Nb5 Kg5 54. Re2 Nd8 55. Rd2 Nf7 56.
Rd5+ Ne5 57. Nxd6 Ra2+ 58. Kf1 Ra1+ 59. Kf2 Ra2+ 60. Ke1 Kh4 61. Rxe5 Kxh3
62. g5 hxg5 63. Rxg5 Rb2 64. Rxc5 Rxb3 65. Rg5 Rg3 66. Nf7 Rc3 67. c5 f3
68. Kf2 Kh4 69. Rf5 Kg4 70. Nh6+ Kh4 71. Rd5 1-0

[Event "CUB-ch 1/2 final"]
[Site "Villa Clara"]
[Date "1995.11.18"]
[Round "3"]
[White "Garcia, Os"]
[Black "Paneque, P"]
[Result "1-0"]
[WhiteElo "2345"]
[BlackElo "2415"]

1. e4 e6 2. d3 d5 3. Nd2 Nc6 4. Ngf3 Nf6 5. c3 a5 6. Be2 Be7 7. O-O O-O 8.
b3 b6 9. a3 Ba6 10. Bb2 Qd7 11. Re1 dxe4 12. dxe4 Bd3 13. Nd4 Bxe2 14. Qxe2
e5 15. Nf5 g6 16. Nxe7+ Qxe7 17. Qc4 Nd8 18. a4 Nb7 19. Ba3 Nd6 20. Qc6 Qd7
21. Qxd7 Nxd7 22. Nc4 Nxc4 23. Bxf8 Kxf8 24. bxc4 Nc5 25. Red1 Ke7 26. f3
f5 27. Rd5 fxe4 28. Rxe5+ Kf6 29. Rd5 Re8 30. Kf2 Re6 31. h4 Rc6 32. Ke3
exf3 33. Kxf3 Ne6 34. c5 Nxc5 35. g4 Nb7 36. Rd3 h6 37. Rf1 Nd6 38. Re3 Kg7
39. Kg3 h5 40. Re7+ Kg8 41. Kg2 Rc4 42. gxh5 gxh5 43. Rf6 Rxc3 44. Rg6+ Kf8
45. Rgg7 Rc4 46. Rxc7 Rxa4 47. Rh7 Rg4+ 48. Kh3 Ne8 49. Rb7 Kg8 50. Rxh5
Re4 51. Rg5+ Kf8 52. Rxb6 Kf7 53. Rxa5 Re3+ 54. Kg4 Nf6+ 55. Kf4 Re6 56.
Rxe6 Kxe6 57. Ra6+ Kf7 58. Kf5 Nh5 59. Ra7+ Kg8 60. Kg5 Ng3 61. Kg6 Kf8 62.
Ra4 1-0

[Event "CUB-ch 1/2 final"]
[Site "Villa Clara"]
[Date "1995.11.18"]
[Round "3"]
[White "Hernandez, Ama"]
[Black "Fuentes, L"]
[Result "1-0"]
[WhiteElo "2205"]
[BlackElo "2295"]

1. e4 c5 2. Nf3 d6 3. d4 cxd4 4. Qxd4 a6 5. c4 Nc6 6. Qd2 Nf6 7. Nc3 Bg4 8.
Be2 g6 9. O-O Bg7 10. Rb1 Rc8 11. b3 O-O 12. Bb2 Qa5 13. Qe3 Bxf3 14. Bxf3
b5 15. cxb5 axb5 16. a4 b4 17. Nb5 Rfd8 18. Rfc1 Nd7 19. Bxg7 Kxg7 20. Bg4
Nce5 21. Bxd7 Nxd7 22. Na7 Rxc1+ 23. Rxc1 Re8 24. Nc6 Qa8 25. Nxb4 Nc5 26.
Nd5 Qb7 27. Rc3 e6 28. Qd4+ e5 29. Qc4 Rb8 30. a5 Qb5 31. b4 Na6 32. Qxb5
Rxb5 33. Rc4 f5 34. f3 Kf7 35. Kf2 h5 36. Ke2 Ke6 37. Kd3 fxe4+ 38. fxe4
Rb8 39. Kc3 Rb7 40. Rc6 Nb8 41. Rb6 Rxb6 42. Nxb6 1-0

[Event "CUB-ch 1/2 final"]
[Site "Villa Clara"]
[Date "1995.11.18"]
[Round "3"]
[White "Larduet, C"]
[Black "Chacon, J"]
[Result "1-0"]
[WhiteElo "2295"]
[BlackElo "2160"]

1. e4 c5 2. Nf3 d6 3. d4 cxd4 4. Nxd4 Nf6 5. Nc3 g6 6. Bg5 Bg7 7. Bb5+ Nbd7
8. Qe2 a6 9. Bxd7+ Bxd7 10. O-O-O h6 11. Bh4 g5 12. Bg3 Rc8 13. e5 dxe5 14.
Nf5 Bxf5 15. Rxd8+ Rxd8 16. Bxe5 O-O 17. Qf3 Bg6 18. Qxb7 a5 19. f3 h5 20.
Rd1 Rc8 21. Qa7 Rc6 22. Qxa5 Rcc8 23. Qa7 Rfe8 24. Qe3 Kh7 25. h3 Rc6 26.
a4 Ra8 27. Re1 Nd5 28. Qd4 Nxc3 29. bxc3 Re6 30. Re3 Ra5 31. Bxg7 Rxe3 32.
Qxe3 Kxg7 33. Qxe7 Rxa4 34. Qxg5 Ra2 35. Kb1 Ra6 36. Qe5+ Kh7 37. c4 Re6
38. Qc3 Re2 39. g4 h4 40. c5 f6 41. c6 1-0

[Event "CUB-ch 1/2 final"]
[Site "Villa Clara"]
[Date "1995.11.18"]
[Round "3"]
[White "Leyva, H"]
[Black "Martinez, B"]
[Result "1-0"]
[WhiteElo "2405"]
[BlackElo "2205"]

1. d4 Nf6 2. c4 b6 3. Nc3 Bb7 4. Qc2 d5 5. Nf3 g6 6. Bf4 Bg7 7. e3 O-O 8.
h3 dxc4 9. Bxc4 Bxf3 10. gxf3 Qc8 11. Rc1 c5 12. Nd5 Nc6 13. Nxf6+ Bxf6 14.
dxc5 bxc5 15. Kf1 Rd8 16. Kg2 Ne5 17. Bxe5 Bxe5 18. h4 Qb7 19. h5 e6 20. b3
Rd6 21. Bd3 Rc8 22. Be4 Qd7 23. f4 Bf6 24. hxg6 hxg6 25. Rcd1 Rxd1 26. Rxd1
Qc7 27. Rc1 Kg7 28. Qc4 Bd8 29. b4 Be7 30. Qc3+ f6 31. Kf3 Kf7 32. b5 Bd8
33. Rh1 Be7 34. Rh7+ Kg8 35. Bxg6 Qd6 36. Rh1 c4 37. Be4 Qb4 38. Qa1 Qxb5
39. Qg1+ 1-0

[Event "CUB-ch 1/2 final"]
[Site "Villa Clara"]
[Date "1995.11.18"]
[Round "3"]
[White "Delgado, M"]
[Black "Medina, M"]
[Result "0-1"]
[WhiteElo "2135"]
[BlackElo "2390"]

1. e4 e6 2. d4 d5 3. exd5 exd5 4. Nf3 Nf6 5. Bd3 Bd6 6. O-O O-O 7. Bg5 Bg4
8. Nbd2 Nbd7 9. c3 c6 10. Qc2 Qc7 11. Bh4 Rfe8 12. Rfe1 Bh5 13. Bg3 Bxg3
14. hxg3 Bxf3 15. gxf3 g6 16. Nf1 Kg7 17. Re3 Rxe3 18. Nxe3 Re8 19. Re1 Re6
20. Ng2 Nf8 21. Re3 Rxe3 22. Nxe3 Ne6 23. Ng4 Nxg4 24. fxg4 Ng5 25. f4 Ne6
26. Qe2 Qd7 27. f5 Ng5 28. f6+ Kf8 29. Qe3 h6 30. Kg2 Kg8 31. Qe7 Qxg4 32.
Bxg6 Qf3+ 33. Kg1 Qxg3+ 34. Kf1 Qb8 35. Kg2 Qc8 36. Kf2 Kh8 37. Bxf7 Qf5+
38. Ke3 Qf3+ 39. Kd2 Ne4+ 40. Kc2 Qe2+ 41. Kb3 Nd2+ 42. Ka3 Qa6+ 0-1

[Event "CUB-ch 1/2 final"]
[Site "Villa Clara"]
[Date "1995.11.18"]
[Round "3"]
[White "Moreno, Ale"]
[Black "Pecorelli Garcia, H"]
[Result "0-1"]
[WhiteElo "2445"]
[BlackElo "2400"]

1. d4 Nf6 2. c4 g6 3. Nc3 Bg7 4. e4 d6 5. f3 O-O 6. Be3 Nbd7 7. Qd2 c5 8.
Nge2 a6 9. dxc5 dxc5 10. O-O-O Qa5 11. Kb1 e6 12. Nc1 Qc7 13. Nb3 b6 14. g4
Ne5 15. g5 Nh5 16. Be2 Bb7 17. Qd6 Rfc8 18. Qxc7 Rxc7 19. Rd2 Bc6 20. Rhd1
Nd7 21. Nb5 Rb7 22. Nd6 Rba7 23. f4 e5 24. f5 Nf4 25. Bg4 h5 26. gxh6 Bxh6
27. fxg6 fxg6 28. Bxf4 Bxf4 29. Rg2 Nf8 30. Bf5 Kh7 31. Bg4 Rd8 32. Ka1 a5
33. Rd3 Kg8 34. Nd2 Rh7 35. h3 Rh6 36. a3 g5 37. Kb1 Rhxd6 0-1

[Event "CUB-ch 1/2 final"]
[Site "Villa Clara"]
[Date "1995.11.20"]
[Round "4"]
[White "Fuentes, L"]
[Black "Delgado, M"]
[Result "1/2-1/2"]
[WhiteElo "2295"]
[BlackElo "2135"]

1. e4 c5 2. Nf3 e6 3. d3 d5 4. Nbd2 Nc6 5. g3 g6 6. Bg2 Bg7 7. O-O Nge7 8.
Re1 b6 9. a3 O-O 10. Rb1 a5 11. h4 h6 12. e5 Qc7 13. Nf1 Nf5 14. Bf4 Ncd4
15. N1h2 Nxf3+ 16. Nxf3 b5 17. Qd2 Kh7 18. Nh2 Bb7 19. Ng4 Qe7 20. Qd1 Rfd8
21. Nh2 a4 22. Bh3 d4 23. Bc1 Qd7 24. Nf3 b4 25. Bg2 Qb5 26. Bd2 b3 27.
cxb3 axb3 28. Rc1 Rac8 29. Qe2 Bd5 30. Nh2 Qc6 31. Be4 Kg8 32. Ng4 Qc7 33.
Kh2 Qe7 34. Qf3 Rd7 35. Bxd5 Rxd5 36. Rc4 Qc7 37. Qe4 Qe7 38. Rec1 Rc7 39.
Ra4 Ra7 40. Rac4 Rc7 41. Ba5 Rc6 42. Kg2 Qe8 43. Bb4 Qc8 44. a4 Qc7 45. f4
g5 46. h5 gxf4 47. gxf4 Qe7 48. Be1 f6 49. Bf2 fxe5 50. fxe5 Qg5 51. Rg1
Bxe5 52. Kf1 Bg7 53. Ne5 Ne3+ 54. Bxe3 Qxe5 55. Qxe5 Rxe5 56. Bxh6 Rf5+ 57.
Ke2 Rf7 58. a5 Kh7 59. Bxg7 Rxg7 60. Rxg7+ Kxg7 61. Kf3 Kh6 62. Kg4 Kh7 63.
Ra4 Ra6 64. Ra3 Kg7 65. Rxb3 Rxa5 66. Rb7+ Kg8 67. Kg5 Ra1 68. Rb5 Rd1 69.
Kg6 Rg1+ 70. Kf6 Rg3 71. Rxc5 Rxd3 72. Kxe6 Rd2 1/2-1/2

[Event "CUB-ch 1/2 final"]
[Site "Villa Clara"]
[Date "1995.11.20"]
[Round "4"]
[White "Medina, M"]
[Black "Sariego, W"]
[Result "1/2-1/2"]
[WhiteElo "2390"]
[BlackElo "2420"]

1. d4 c5 2. dxc5 e6 3. Nf3 Bxc5 4. c4 Nf6 5. e3 O-O 6. Nc3 b6 7. Bd3 Bb7 8.
a3 d5 9. Qe2 dxc4 10. Bxc4 Nc6 11. b4 Bd6 12. Bb2 Ne5 13. Nxe5 Bxe5 14. O-O
Rc8 15. f4 Bxc3 16. Bxc3 Ne4 17. Bd4 Rxc4 18. Qxc4 Nd2 19. Qe2 Nxf1 20.
Rxf1 Qd5 21. Qg4 f6 22. Qh3 Kh8 23. Rf3 Qf5 24. Qxf5 exf5 25. Rf2 Rc8 26.
a4 1/2-1/2

[Event "CUB-ch 1/2 final"]
[Site "Villa Clara"]
[Date "1995.11.20"]
[Round "4"]
[White "Foyo, R"]
[Black "Diaz Perez, J"]
[Result "1/2-1/2"]
[WhiteElo "2260"]
[BlackElo "2230"]

1. d4 Nf6 2. c4 g6 3. Nc3 Bg7 4. e4 d6 5. Bd3 O-O 6. Nge2 e5 7. O-O Nc6 8.
d5 Nb8 9. b4 a5 10. bxa5 Rxa5 11. a4 Nfd7 12. Ba3 Na6 13. Rb1 Ndc5 14. Rb5
b6 15. Rxa5 bxa5 16. Bc2 f5 17. exf5 gxf5 18. Ng3 Qh4 19. Bxc5 Nxc5 20. Qh5
1/2-1/2

[Event "CUB-ch 1/2 final"]
[Site "Villa Clara"]
[Date "1995.11.20"]
[Round "4"]
[White "Armas, J"]
[Black "De la Paz, F"]
[Result "1/2-1/2"]
[WhiteElo "2425"]
[BlackElo "2330"]

1. g3 Nf6 2. Bg2 g6 3. d4 Bg7 4. e4 d6 5. Ne2 O-O 6. Nbc3 Nbd7 7. h3 e5 8.
Be3 Re8 9. O-O c6 10. a4 b6 11. d5 cxd5 12. Nxd5 Nxd5 13. Qxd5 Ba6 14. Qd2
Nf8 15. Rad1 Ne6 16. b3 Bxe2 17. Qxe2 Nd4 18. Qd3 Rc8 19. c4 a6 1/2-1/2

[Event "CUB-ch 1/2 final"]
[Site "Villa Clara"]
[Date "1995.11.20"]
[Round "4"]
[White "Li, M"]
[Black "Alvarez, J"]
[Result "1/2-1/2"]
[WhiteElo "2365"]
[BlackElo "2390"]

1. d4 e6 2. g3 c5 3. Nf3 b6 4. d5 exd5 5. Qxd5 Nc6 6. Ne5 Qf6 7. Nxc6 dxc6
8. Qg5 Qxg5 9. Bxg5 f6 10. Bg2 Ne7 11. Bd2 Be6 12. e4 O-O-O 13. Nc3 Kb7 14.
O-O-O Nc8 15. Bf4 Bd6 16. Bxd6 Nxd6 17. Rhe1 Nf7 18. f4 Kc7 1/2-1/2

[Event "CUB-ch 1/2 final"]
[Site "Villa Clara"]
[Date "1995.11.20"]
[Round "4"]
[White "Nunez, An"]
[Black "Pecorelli Garcia, H"]
[Result "1/2-1/2"]
[WhiteElo "2270"]
[BlackElo "2400"]

1. d4 Nf6 2. Nf3 g6 3. c4 Bg7 4. Nc3 d6 5. g3 O-O 6. Bg2 Nbd7 7. O-O e5 8.
e4 c6 9. h3 exd4 10. Nxd4 Re8 11. Re1 Nc5 12. Qc2 Nfd7 13. Be3 h5 14. f4
1/2-1/2

[Event "CUB-ch 1/2 final"]
[Site "Villa Clara"]
[Date "1995.11.20"]
[Round "4"]
[White "Diaz, JC"]
[Black "Leyva, H"]
[Result "1-0"]
[WhiteElo "2435"]
[BlackElo "2405"]

1. e4 c6 2. d4 d5 3. Nc3 dxe4 4. Nxe4 Bf5 5. Ng3 Bg6 6. h4 h6 7. Nf3 Nf6 8.
Ne5 Bh7 9. Bc4 e6 10. Qe2 Nd5 11. c3 Nd7 12. Nh5 N7f6 13. Nxf6+ gxf6 14.
Ng4 h5 15. Bxd5 hxg4 16. Bb3 Bf5 17. d5 Qd7 18. dxe6 fxe6 19. Bd2 Ke7 20.
Be3 b6 21. Rd1 Qc7 22. g3 Bh6 23. Bxh6 Rxh6 24. O-O Rd8 25. Rxd8 Qxd8 26.
Re1 Qd6 27. Qa6 Qc7 28. Qa3+ c5 29. Qa4 Rh8 30. Bxe6 Bxe6 31. Qxg4 Qc8 32.
Rxe6+ Qxe6 33. Qg7+ Kd6 34. Qxh8 Qe1+ 35. Kg2 Qe4+ 36. Kh2 Qf3 37. Qd8+ Ke6
38. Qd2 Kf7 39. c4 Kg7 40. Kg1 Kg6 41. b3 Qe4 42. Kh2 Qf3 43. Qc2+ Kg7 44.
Kg1 Kh6 45. Kf1 Kg7 46. Kg1 Kh6 47. Qd2+ Kg6 48. Qe3 Qd1+ 49. Kg2 Qb1 50.
Qe8+ Kg7 51. h5 f5 52. Qg6+ Kf8 53. Qf6+ Ke8 54. Qe6+ 1-0

[Event "CUB-ch 1/2 final"]
[Site "Villa Clara"]
[Date "1995.11.20"]
[Round "4"]
[White "Charon, M"]
[Black "Gavilanes, A"]
[Result "1-0"]
[WhiteElo "2215"]
[BlackElo "2275"]

1. c4 Nf6 2. Nc3 g6 3. e4 d6 4. d4 Bg7 5. f3 O-O 6. Be3 e5 7. d5 Nh5 8.
Nge2 f5 9. Qd2 Nd7 10. O-O-O Ndf6 11. Kb1 a6 12. c5 Bd7 13. h3 f4 14. Bf2
Rf7 15. Nc1 Ng3 16. Rg1 Nxf1 17. Rgxf1 Bf8 18. Nd3 Be8 19. Qc2 Nd7 20. Na4
a5 21. Rc1 b5 22. cxb6 cxb6 23. b3 b5 24. Nab2 Nb6 25. a3 Qb8 26. Bg1 Be7
27. Qf2 Bd8 28. Rc2 Nd7 29. Rfc1 Bb6 30. Qe1 Bxg1 31. Qxg1 Nb6 32. Nf2 Raa7
33. Qe1 Kg7 34. Ng4 Bd7 35. Nf2 Bc8 36. Nfd3 Rac7 37. Qh4 h5 38. Qe1 Rxc2
39. Rxc2 Qa7 40. Qc3 Kf8 41. Nxe5 dxe5 42. Qxe5 Rg7 43. Nd3 Qe7 44. Qxf4+
Kg8 45. Qb8 1-0

[Event "CUB-ch 1/2 final"]
[Site "Villa Clara"]
[Date "1995.11.20"]
[Round "4"]
[White "Perez, Ro"]
[Black "Hernandez, Ama"]
[Result "1-0"]
[WhiteElo "2335"]
[BlackElo "2205"]

1. e4 e5 2. Nf3 Nc6 3. Bc4 Bc5 4. d3 Nf6 5. c3 d6 6. Bb3 Bb6 7. Nbd2 O-O 8.
O-O d5 9. exd5 Nxd5 10. Nc4 Re8 11. Re1 Bg4 12. h3 Bxf3 13. Qxf3 Nf6 14.
Bg5 Bc5 15. Rad1 Bd6 16. Ba4 Re6 17. Bxc6 bxc6 18. Qxc6 e4 19. Bxf6 Rxf6
20. Nxd6 Rxd6 21. Qxe4 Rb8 22. b4 Ra6 23. Qc4 Ra3 24. Re5 h6 25. Rde1 Qf6
26. Qxc7 Rb6 27. Qc8+ Kh7 28. Qf5+ Qxf5 29. Rxf5 Kg6 30. Rc5 Rxa2 31. Re3
Rf6 32. Rg3+ Kh7 33. Rf3 Rd6 34. Rxf7 Rxd3 35. Rcc7 Kh8 36. Rxg7 Rxc3 37.
Rh7+ Kg8 38. Rcg7+ Kf8 39. Rxa7 1-0

[Event "CUB-ch 1/2 final"]
[Site "Villa Clara"]
[Date "1995.11.20"]
[Round "4"]
[White "Martinez, B"]
[Black "Moreno, Ale"]
[Result "1-0"]
[WhiteElo "2205"]
[BlackElo "2445"]

1. e4 c6 2. d4 d5 3. Nd2 dxe4 4. Nxe4 Nd7 5. Nf3 Ngf6 6. Nxf6+ Nxf6 7. Bc4
Bf5 8. O-O e6 9. Bg5 Qc7 10. Bxf6 gxf6 11. Nh4 Bg6 12. f4 f5 13. c3 O-O-O
14. Qf3 Be7 15. g3 Kb8 16. Ng2 Rd7 17. b4 Rhd8 18. Ne3 Bf6 19. Rfc1 h6 20.
a4 Bg7 21. Rcb1 Re7 22. Bf1 f6 23. b5 c5 24. d5 e5 25. b6 axb6 26. Nc4 e4
27. Qd1 Bf7 28. d6 Qc8 29. Rxb6 Red7 30. Na5 Bf8 31. Nc6+ Qxc6 32. Rxc6
bxc6 33. Rb1+ Ka7 34. Qe2 c4 35. Qe3+ Ka8 36. Qb6 Bd5 37. Qa5+ 1-0

[Event "CUB-ch 1/2 final"]
[Site "Villa Clara"]
[Date "1995.11.20"]
[Round "4"]
[White "Diaz, A"]
[Black "Ibanez, D"]
[Result "0-1"]
[WhiteElo "2330"]
[BlackElo "2290"]

1. c4 Nf6 2. Nc3 e5 3. Nf3 Nc6 4. g3 g6 5. Bg2 Bg7 6. O-O O-O 7. d4 exd4 8.
Nxd4 Ne5 9. b3 d6 10. Bb2 Re8 11. Qd2 a5 12. Rad1 Ned7 13. e4 a4 14. Rfe1
axb3 15. axb3 c6 16. Qc2 Qb6 17. Nce2 Nc5 18. Nc1 Rd8 19. h3 Be6 20. Kh2
Ne8 21. Rd2 f6 22. Nde2 Bf7 23. Red1 Rd7 24. Bd4 Re7 25. Nf4 Qc7 26. b4 Nd7
27. Bf1 Ne5 28. Be2 Bh6 29. Be3 Bg7 30. c5 dxc5 31. bxc5 Qa5 32. Ng2 Qa4
33. Qxa4 Rxa4 34. Rd4 Nc4 35. Rd7 Bf8 36. Rxe7 Bxe7 37. Bd4 Na5 38. Bf3 Nc7
39. Be3 Ne6 40. Nd3 Nc4 41. Bh6 Nd4 42. Nge1 Ne5 43. Bg2 Bb3 44. Rb1 Ra7
45. Nxe5 fxe5 46. Be3 Ba2 47. Rc1 Be6 48. Nd3 Nb3 49. Rc3 Bf6 50. h4 Nd4
51. Rc1 Ra3 52. Nb2 Rb3 53. Nc4 Ne2 54. Rc2 Nd4 55. Rc1 Rb4 56. Nd2 Be7 57.
Bf1 Nb3 58. Rb1 Nxd2 59. Rxb4 Nxf1+ 60. Kg2 Nxe3+ 61. fxe3 b5 0-1

[Event "CUB-ch 1/2 final"]
[Site "Villa Clara"]
[Date "1995.11.20"]
[Round "4"]
[White "Cabrera, A"]
[Black "Espinosa, J"]
[Result "0-1"]
[WhiteElo "2275"]
[BlackElo "2380"]

1. e4 d6 2. d4 Nd7 3. f4 g6 4. Nf3 Bg7 5. Nc3 c6 6. Bd3 e5 7. dxe5 dxe5 8.
O-O Qe7 9. fxe5 Nxe5 10. Nxe5 Bxe5 11. Qf3 Be6 12. Bf4 Qc7 13. Nd5 cxd5 14.
exd5 Bxf4 15. dxe6 Bxh2+ 16. Kh1 f5 17. Bb5+ Kf8 18. Rad1 Nf6 19. Qa3+ Kg8
20. Rd4 Be5 21. Rc4 Qg7 22. Qe3 Nd5 23. Qd2 Ne7 24. Rf3 Qf6 25. Qh6 Rd8 26.
Bd7 g5 27. Qxf6 Bxf6 28. Rc7 Rb8 29. Rb3 Kg7 30. Rbxb7 Rxb7 31. Rxb7 Bd4
32. c3 Be3 33. b4 Kf6 34. c4 Rg8 35. c5 f4 36. g4 f3 37. Kh2 h5 38. Kg3 f2
39. Bb5 hxg4 40. Kxg4 Rh8 41. Kf3 Nd5 42. e7 Rh3+ 43. Kg4 Rh4+ 44. Kg3 Nxe7
45. a3 Nf5+ 46. Kg2 Rg4+ 47. Kf3 Rf4+ 48. Kg2 f1=Q+ 49. Bxf1 Nh4+ 50. Kh3
Rxf1 51. Rxa7 Rg1 52. Kh2 Nf3+ 53. Kh3 g4+ 0-1

[Event "CUB-ch 1/2 final"]
[Site "Villa Clara"]
[Date "1995.11.20"]
[Round "4"]
[White "Sieiro Gonzalez, L"]
[Black "Gonzales, R"]
[Result "0-1"]
[WhiteElo "2380"]
[BlackElo "2390"]

1. d4 d5 2. Nf3 Nf6 3. c4 c6 4. e3 Bf5 5. Bd3 Bxd3 6. Qxd3 e6 7. O-O Nbd7
8. Nc3 Bd6 9. e4 dxe4 10. Nxe4 Nxe4 11. Qxe4 O-O 12. b3 Qa5 13. Bd2 Qh5 14.
Bc3 Rfd8 15. Rad1 Nf6 16. Qb1 Bf4 17. Rfe1 Rd7 18. Qb2 Rad8 19. Qe2 h6 20.
g3 Bc7 21. Ne5 Qxe2 22. Rxe2 Bxe5 23. Rxe5 c5 24. d5 exd5 25. cxd5 Nxd5 26.
Bb2 f6 27. Re2 Nf4 0-1

[Event "CUB-ch 1/2 final"]
[Site "Villa Clara"]
[Date "1995.11.21"]
[Round "5"]
[White "Alvarez, J"]
[Black "Armas, J"]
[Result "1/2-1/2"]
[WhiteElo "2390"]
[BlackElo "2425"]

1. d4 d5 2. c4 e6 3. Nf3 Nf6 4. Nc3 Nbd7 5. Bg5 Be7 6. Qc2 O-O 7. O-O-O a6
8. Bxf6 Nxf6 9. e4 dxc4 10. Bxc4 b5 11. Bd3 c6 12. e5 Nd5 13. Nxd5 exd5 14.
h3 Be6 15. Kb1 Re8 16. Qxc6 Qd7 17. Rc1 Red8 18. Rhd1 Bf5 19. Bxf5 Qxf5+
20. Ka1 Qd7 21. Qxd7 Rxd7 22. Rc6 1/2-1/2

[Event "CUB-ch 1/2 final"]
[Site "Villa Clara"]
[Date "1995.11.21"]
[Round "5"]
[White "Diaz Perez, J"]
[Black "Castella, F"]
[Result "1/2-1/2"]
[WhiteElo "2230"]
[BlackElo "2285"]

1. e4 c5 2. Nf3 Nc6 3. d4 cxd4 4. Nxd4 g6 5. Nc3 Bg7 6. Be3 Nf6 7. Bc4 O-O
8. Bb3 d6 9. f3 Bd7 10. h4 Qa5 11. Qd2 Rfc8 12. O-O-O Ne5 13. g4 b5 14. h5
Nc4 15. Qd3 Ne5 16. Qd2 Nc4 17. Qd3 Ne5 1/2-1/2

[Event "CUB-ch 1/2 final"]
[Site "Villa Clara"]
[Date "1995.11.21"]
[Round "5"]
[White "Larduet, C"]
[Black "Martinez, B"]
[Result "1-0"]
[WhiteElo "2295"]
[BlackElo "2205"]

1. e4 e5 2. Nf3 Nc6 3. Bb5 Nf6 4. O-O d6 5. d4 Bd7 6. Re1 exd4 7. Nxd4 Be7
8. c4 Nxd4 9. Qxd4 Bxb5 10. cxb5 O-O 11. Nc3 a6 12. Bf4 Nd7 13. bxa6 Bf6
14. Qd2 Rxa6 15. Nd5 Nb6 16. Nxf6+ Qxf6 17. e5 Qf5 18. b3 d5 19. Rac1 c6
20. Rc3 Re8 21. h3 Qe6 22. Rg3 Kh8 23. a4 c5 24. Kh2 d4 25. Qc2 Nd5 26. Bd2
Rc6 27. f4 Ne7 28. Rf3 Nf5 29. Qe4 Nh4 30. Rf2 f5 31. Qd3 Rd8 32. Rc1 Ng6
33. Qc4 Nf8 34. g4 Qxc4 35. bxc4 g6 36. Rb1 Rd7 37. Rf3 Ra6 38. a5 Ne6 39.
Rd3 Nd8 40. Kg3 Kg8 41. Kf3 Re7 42. Rg1 Rf7 43. gxf5 Rxf5 44. Ke4 Rc6 45.
Kd5 Rf7 46. h4 Rd7+ 47. Ke4 Kf7 48. h5 Ne6 49. hxg6+ hxg6 50. Rb1 Nd8 51.
Rh1 Kg8 52. Rdh3 Nf7 53. Rg3 Re6 54. Rhg1 Kg7 55. Bc1 Nh6 56. Ba3 Nf5 57.
Rg5 Kf7 58. Rxf5+ gxf5+ 59. Kxf5 Rc6 60. Rd1 d3 61. Rd2 Rd4 62. Bb2 Rxc4
63. Rxd3 Rb4 64. Bc3 Rb3 65. Rh3 c4 66. e6+ Rxe6 67. Rh7+ Kg8 68. Rh8+ Kf7
69. Rh7+ Kg8 70. Rg7+ Kf8 71. Kxe6 Rxc3 72. Rxb7 Ra3 73. f5 Re3+ 74. Kf6 c3
75. a6 Re8 76. a7 1-0

[Event "CUB-ch 1/2 final"]
[Site "Villa Clara"]
[Date "1995.11.21"]
[Round "5"]
[White "Cruz Lima, J"]
[Black "Blanco Fernandez, A"]
[Result "1-0"]
[WhiteElo "2270"]
[BlackElo "2450"]

1. e4 c5 2. Nf3 e6 3. d4 cxd4 4. Nxd4 a6 5. c4 Nf6 6. Nc3 Bb4 7. Bd3 Bxc3+
8. bxc3 Qa5 9. O-O Qxc3 10. Nb3 b5 11. cxb5 axb5 12. Bf4 Qb4 13. Qc2 Na6
14. Rab1 Bb7 15. Nd2 Qe7 16. Rxb5 Bc6 17. Ra5 Nb4 18. Rxa8+ Bxa8 19. Qc8+
Qd8 20. Qxd8+ Kxd8 21. Rb1 Nc6 22. Nc4 d5 23. Nb6 Ke7 24. exd5 Nxd5 25.
Nxd5+ exd5 26. Re1+ Kf6 27. h4 h6 28. a4 g5 29. Bg3 Rd8 30. a5 Bb7 31. a6
Bc8 32. Bc7 Rg8 33. hxg5+ hxg5 34. a7 Be6 35. Bb6 Ra8 36. Rc1 Bd7 37. Bb5
Ne5 38. Ba6 Bc6 39. Bd4 Kf5 40. Bxe5 Kxe5 41. Rxc6 Rxa7 42. Kf1 Rd7 43. Ke2
Re7 44. Kd2 f5 45. Bc8 f4 46. Bg4 Ra7 47. Rg6 Ra2+ 48. Ke1 Kd4 49. Rxg5 1-0

[Event "CUB-ch 1/2 final"]
[Site "Villa Clara"]
[Date "1995.11.21"]
[Round "5"]
[White "De la Paz, F"]
[Black "Medina, M"]
[Result "1-0"]
[WhiteElo "2330"]
[BlackElo "2390"]

1. e4 c5 2. Nf3 e6 3. c3 b6 4. d4 Bb7 5. Bd3 Nf6 6. e5 Nd5 7. Be4 b5 8.
dxc5 Bxc5 9. O-O Qc7 10. a4 bxa4 11. Rxa4 f5 12. exf6 Nxf6 13. Bf4 Qb6 14.
Bxb7 Qxb7 15. Bd6 Qc6 16. Bxc5 Qxc5 17. Qd4 Qc7 18. Na3 O-O 19. Qe5 Qb6 20.
Nc4 Qb3 21. Rb4 Qa2 22. Qb5 Nc6 23. Ra4 Rab8 24. Qxc6 Qb3 25. Qa6 Qc2 26.
Rb4 Rxb4 27. cxb4 Qd3 28. Nfe5 Qe2 29. Qd6 Nd5 30. Qxd7 Nf4 31. Qd1 Qe4 32.
f3 Qf5 33. g3 Nh3+ 34. Kg2 Ng5 35. g4 Qf4 36. Qd2 1-0

[Event "CUB-ch 1/2 final"]
[Site "Villa Clara"]
[Date "1995.11.21"]
[Round "5"]
[White "Alonso, Re"]
[Black "Gavilanes, A"]
[Result "1-0"]
[WhiteElo "2410"]
[BlackElo "2275"]

1. d4 Nf6 2. c4 c5 3. Nf3 g6 4. g3 Bg7 5. Bg2 O-O 6. O-O Nc6 7. Nc3 d6 8.
d5 Na5 9. Nd2 a6 10. Qc2 Rb8 11. b3 b5 12. Bb2 e5 13. Rae1 Bh6 14. f4 exf4
15. gxf4 Nh5 16. e3 f5 17. Nd1 Bd7 18. Nf2 bxc4 19. bxc4 Ba4 20. Qc1 Qb6
21. Bc3 Bg7 22. Bxg7 Nxg7 23. Nd3 Nb7 24. Bf3 Qa5 25. Rf2 Bd7 26. Nf1 Nd8
27. h4 Nf7 28. Rg2 Nh6 29. h5 Rf6 30. Ng3 Rbf8 31. e4 fxe4 32. Nxe4 1-0

[Event "CUB-ch 1/2 final"]
[Site "Villa Clara"]
[Date "1995.11.21"]
[Round "5"]
[White "Sariego, W"]
[Black "Li, M"]
[Result "1-0"]
[WhiteElo "2420"]
[BlackElo "2365"]

1. e4 c5 2. c3 g6 3. d4 cxd4 4. cxd4 d5 5. exd5 Bg7 6. Nc3 Nf6 7. Qb3 O-O
8. Be2 Nbd7 9. Bf3 Nb6 10. a4 a5 11. Nge2 Bf5 12. O-O Bg4 13. Bxg4 Nxg4 14.
Bf4 Nf6 15. d6 exd6 16. Nb5 Nc8 17. Nec3 Nh5 18. Be3 Kh8 19. Nd5 Na7 20.
Nxa7 Rxa7 21. Rac1 Ra8 22. Qxb7 Rb8 23. Qc7 Rxb2 24. Qxd8 Rxd8 25. g4 Nf6
26. Bg5 Nxd5 27. Bxd8 Bxd4 28. Rc4 Rb4 29. Rxb4 1-0

[Event "CUB-ch 1/2 final"]
[Site "Villa Clara"]
[Date "1995.11.21"]
[Round "5"]
[White "Delgado, M"]
[Black "Charon, M"]
[Result "1-0"]
[WhiteElo "2135"]
[BlackElo "2215"]

1. e4 e5 2. Nf3 Nc6 3. Bb5 Nf6 4. Nc3 d6 5. d4 exd4 6. Nxd4 Bd7 7. O-O Be7
8. Bg5 O-O 9. Re1 a6 10. Bxc6 bxc6 11. Qf3 Ne8 12. Bxe7 Qxe7 13. Rad1 Qe5
14. Qg3 f6 15. Qd3 Qc5 16. Nb3 Qb6 17. Nd5 Qb7 18. Nc5 dxc5 19. Ne7+ Kh8
20. Qxd7 Qxb2 21. Rd3 Qxa2 22. Rh3 1-0

[Event "CUB-ch 1/2 final"]
[Site "Villa Clara"]
[Date "1995.11.21"]
[Round "5"]
[White "Diaz, A"]
[Black "Chacon, J"]
[Result "1/2-1/2"]
[WhiteElo "2330"]
[BlackElo "2160"]

1. c4 Nf6 2. Nc3 g6 3. g3 Bg7 4. Bg2 O-O 5. Nf3 d6 6. O-O c5 7. d4 Nc6 8.
d5 Na5 9. Nd2 a6 10. Rb1 b5 11. b3 Rb8 12. Qc2 e5 13. Bb2 Nh5 14. e3 f5 15.
f4 bxc4 16. bxc4 exf4 17. gxf4 Bd7 18. Nd1 Qe7 19. Bf3 Nf6 20. Bc3 Rxb1 21.
Qxb1 Qd8 22. Qb2 Ne8 23. Nf2 Bxc3 24. Qxc3 Nb7 25. Rb1 Bc8 26. Nd3 Qc7 27.
Nf2 Nd8 28. Nh3 Nf7 29. Bg2 Qe7 30. Nf3 Nf6 31. Nf2 Re8 32. Re1 h6 33. h3
g5 34. fxg5 hxg5 35. Nh2 g4 36. e4 Qe5 37. Qxe5 Rxe5 38. Nd3 Re8 39. exf5
Rxe1+ 40. Nxe1 Bxf5 41. hxg4 Nxg4 42. Nxg4 Bxg4 43. Nc2 Bf5 44. Ne3 Bb1 45.
a3 Kg7 46. Kf2 Kf6 47. Nd1 Ne5 48. Bf1 Bf5 49. Be2 Kg5 50. Ke3 Kf6 51. Nb2
Bd7 52. Kf4 Ng6+ 53. Ke3 Kg5 54. Nd1 Ne7 55. Bd3 Ng8 56. Nc3 Nf6 57. Be2
Kf5 58. Nd1 Kg5 59. Nc3 Kf5 60. Nd1 Kg5 61. Nc3 Kf5 62. Nd1 Bc8 63. Nc3 Kg5
64. Bf1 Bf5 1/2-1/2

[Event "CUB-ch 1/2 final"]
[Site "Villa Clara"]
[Date "1995.11.22"]
[Round "6"]
[White "Paneque, P"]
[Black "Hernandez, Ama"]
[Result "1/2-1/2"]
[WhiteElo "2415"]
[BlackElo "2205"]

1. c4 Nf6 2. Nc3 e5 3. Nf3 Nc6 4. g3 Bc5 5. Bg2 d6 6. O-O O-O 7. d3 a6 8.
a3 Nd4 9. e3 Nxf3+ 10. Bxf3 c6 11. d4 Bb6 12. b4 Re8 13. dxe5 dxe5 14. Qc2
Qe7 15. Bb2 Bh3 16. Rfd1 Bg4 17. Bxg4 Nxg4 18. c5 Bc7 19. e4 Qe6 20. Qe2
Nf6 21. Rd3 Rad8 22. Rad1 Rxd3 23. Rxd3 Rd8 24. Rxd8+ Bxd8 25. f3 h5 26.
Nd1 Nd7 27. Kg2 Bg5 28. Ne3 Bxe3 29. Qxe3 Qa2 30. Qf2 f6 31. Bc1 Qc4 32.
Bb2 Nf8 33. Qd2 Ne6 34. h4 a5 35. Kf2 Kh7 36. Kg2 axb4 37. axb4 Nc7 38. Kf2
Nb5 39. Kg2 Qa2 40. Bc1 Qe6 41. Bb2 Kg6 42. Kh2 Kf7 43. Kg2 Ke7 44. Kh2 Qc4
45. Kg2 Ke8 46. Kf2 Nd4 47. Bc3 Nb5 48. Bb2 Qe6 49. Kg2 Qa2 50. Kf2 Na3 51.
Bc3 Qc4 52. Bb2 Nb5 53. Kg2 Qa2 54. Kf2 Qc4 55. Kg2 1/2-1/2